004460000a2200121000450024500680000065000190006865000300008765000150011765100460013204100140017810000300019277301020022210aMaravillosa cueva de los Guacharos en el departamento del Huila14aEspeleología14aDescripción de cavernas14aGeología 4lCueva de Los GuácharosdHuilapColombia0 aEspañol1 aRamírez, Jesús Emilio1 tRevista de la Academia Colombiana de Ciencias Exactas, Fisicas y Naturales332h35q146-152d1954